| 000 | 01309nam a2200349Ia 4500 | ||
|---|---|---|---|
| 001 | ebr10694668 | ||
| 003 | CaPaEBR | ||
| 006 | m u | ||
| 007 | cr cn||||||||| | ||
| 008 | 120216s2012 deua sb 001 0 eng d | ||
| 010 | _z 2012002488 | ||
| 020 | _z0872074781 | ||
| 020 | _z9780872074781 | ||
| 020 | _z9780872079199 | ||
| 040 |
_aCaPaEBR _cCaPaEBR |
||
| 035 | _a(OCoLC)826660187 | ||
| 050 | 1 | 4 |
_aLB1573.7 _b.F56 2012eb |
| 082 | 0 | 4 |
_a372.47 _223 |
| 100 | 1 |
_aFisher, Douglas, _d1965- |
|
| 245 | 1 | 0 |
_aText complexity _h[electronic resource] : _braising rigor in reading / _cDouglas Fisher, Nancy Frey, and Diane Lapp. |
| 260 |
_aNewark, DE : _bInternational Reading Association, _cc2012. |
||
| 300 |
_axi, 140 p. : _bill. |
||
| 504 | _aIncludes bibliographical references and index. | ||
| 533 |
_aElectronic reproduction. _bPalo Alto, Calif. : _cebrary, _d2013. _nAvailable via World Wide Web. _nAccess may be limited to ebrary affiliated libraries. |
||
| 650 | 0 | _aReading comprehension. | |
| 650 | 0 | _aReading (Elementary) | |
| 655 | 7 |
_aElectronic books. _2local |
|
| 700 | 1 |
_aFrey, Nancy, _d1959- |
|
| 700 | 1 | _aLapp, Diane. | |
| 710 | 2 | _aebrary, Inc. | |
| 856 | 4 | 0 |
_uhttp://site.ebrary.com/lib/rucke/Doc?id=10694668 _zAn electronic book accessible through the World Wide Web; click to view |
| 999 |
_c8983 _d8983 |
||